[Event "COL-ch sf"]
[Site "Pereira"]
[Date "2024.03.28"]
[Round "5"]
[White "Buitrago Garces, Maicol"]
[Black "Estrada Velandia, Henry Andres"]
[Result "0-1"]
[WhiteElo "1571"]
[BlackElo "1896"]
[PlyCount "42"]
[EventDate "2024.03.26"]
[EventType "swiss"]
[EventRounds "11"]
[EventCountry "COL"]
[SourceTitle "CB14_2024"]
[SourceDate "2024.04.01"]
[SourceVersion "1"]
[SourceVersionDate "2024.04.01"]
[SourceQuality "1"]

1. d4 d5 2. Nf3 e6 3. e3 c5 4. c3 Nc6 5. Bd3 Bd6 6. Nbd2 Nge7 7. 0-0 c4 8. Bc2 f5 9. a4 Bd7 10. Nh4 0-0 11. f4 a6 12. Rf3 b5 13. axb5 axb5 14. Rxa8 Qxa8 15. Rg3 b4 16. Qh5 Be8 17. Qg5 Ng6 18. Nxg6 Bxg6 19. Rh3 Qa1 20. Bb1 bxc3 21. bxc3 Qxc3 0-1

[Event "COL-ch U20"]
[Site "Cali"]
[Date "2024.02.28"]
[Round "1"]
[White "Hernandez Jimenez, Xavi"]
[Black "Buitrago Garces, Maicol"]
[Result "1-0"]
[WhiteElo "1926"]
[BlackElo "1285"]
[PlyCount "69"]
[EventDate "2024.02.28"]
[EventType "swiss"]
[EventRounds "9"]
[EventCountry "COL"]
[SourceTitle "CB11_2024"]
[SourceDate "2024.03.13"]
[SourceVersion "1"]
[SourceVersionDate "2024.03.13"]
[SourceQuality "1"]

1. e4 e5 2. Nf3 Nc6 3. Bb5 Nf6 4. d3 Bc5 5. c3 d6 6. 0-0 a6 7. Ba4 b5 8. Bc2 h6 9. a4 Bg4 10. Re1 0-0 11. Nbd2 Qd7 12. Nf1 Ne7 13. h3 Bh5 14. Ng3 Bg6 15. Nh4 Bh7 16. Qf3 Qe6 17. Nhf5 Nxf5 18. exf5 Qd5 19. Ne4 Nxe4 20. dxe4 Qc6 21. f6 Qd7 22. Qg3 Bg6 23. Bb3 Kh7 24. Qh4 Rh8 25. Bg5 Kg8 26. fxg7 Rh7 27. Bf6 bxa4 28. Bxa4 Qe6 29. b4 Bb6 30. Bc6 Ra7 31. Bd5 Qd7 32. Red1 Qb5 33. Qg4 Rxg7 34. Qc8+ Kh7 35. Bxf7 1-0

[Event "COL-ch"]
[Site "Cartagena"]
[Date "2023.06.12"]
[Round "9"]
[White "Shaffer, Alexander"]
[Black "Buitrago Garces, Maicol"]
[Result "1-0"]
[WhiteElo "1740"]
[BlackElo "1161"]
[PlyCount "107"]
[EventDate "2023.06.08"]
[EventType "swiss"]
[EventRounds "9"]
[EventCountry "COL"]
[SourceTitle "CBM 215 Extra"]
[Source "ChessBase"]
[SourceDate "2023.09.30"]
[SourceVersion "1"]
[SourceVersionDate "2023.09.30"]
[SourceQuality "1"]

1. d4 e5 2. e4 exd4 3. Nf3 Bb4+ 4. c3 dxc3 5. bxc3 Be7 6. Bc4 c6 7. Qb3 d5 8. exd5 b5 9. Be2 Qxd5 10. Qxd5 cxd5 11. Bxb5+ Bd7 12. a4 a6 13. Bd3 Nf6 14. 0-0 0-0 15. Re1 Nc6 16. Nbd2 Bd6 17. Nb3 h6 18. Be3 Ne5 19. Nxe5 Bxe5 20. Bd4 Bxd4 21. cxd4 Rfe8 22. Nc5 Bc8 23. Rxe8+ Nxe8 24. Rb1 a5 25. Rb6 Nf6 26. Bb5 Kh7 27. Bc6 Ra7 28. Nb3 Bd7 29. Bxd7 Nxd7 30. Rb5 Nf6 31. Rxa5 Rb7 32. Rb5 Rxb5 33. axb5 Nd7 34. Kf1 Kg6 35. Ke2 Kf6 36. Kd3 Nb6 37. Kc3 Ke6 38. Kb4 Kd6 39. Ka5 Kc7 40. Ka6 Nd7 41. Ka7 Nb6 42. Na5 Nc8+ 43. Ka6 Nb6 44. Nc6 Nc8 45. h4 Nd6 46. Ne7 Kb8 47. Nxd5 Nf5 48. Nb4 Nxd4 49. Nc6+ Nxc6 50. bxc6 Kc7 51. Kb5 g6 52. g4 f6 53. Kc5 g5 54. h5 1-0

[Event "COL-ch"]
[Site "Cartagena"]
[Date "2023.06.11"]
[Round "8"]
[White "Buitrago Garces, Maicol"]
[Black "Carrol Pineda, Heiner Alonso"]
[Result "1-0"]
[WhiteElo "1161"]
[BlackElo "1485"]
[PlyCount "85"]
[EventDate "2023.06.08"]
[EventType "swiss"]
[EventRounds "9"]
[EventCountry "COL"]
[SourceTitle "CBM 215 Extra"]
[Source "ChessBase"]
[SourceDate "2023.09.30"]
[SourceVersion "1"]
[SourceVersionDate "2023.09.30"]
[SourceQuality "1"]

1. d4 Nf6 2. Nf3 d5 3. e3 Bf5 4. Bd3 Bxd3 5. Qxd3 e6 6. Qb5+ Nc6 7. Qxb7 Nb4 8. Qb5+ c6 9. Qa4 Qb6 10. a3 Na6 11. c4 dxc4 12. Qxc4 Bd6 13. 0-0 0-0 14. Nc3 Rac8 15. b4 Nd5 16. e4 Nxc3 17. Qxc3 Nc7 18. Bb2 Nb5 19. Qc4 Rfd8 20. Rad1 a5 21. Rfe1 a4 22. Qc2 Qa6 23. e5 Be7 24. Re4 Nc7 25. Rg4 h6 26. Qd2 Kh8 27. Qd3 Qb6 28. Nd2 c5 29. dxc5 Bxc5 30. Qf3 Kg8 31. Ne4 Be7 32. Nd6 Bxd6 33. exd6 Ne8 34. d7 Rc7 35. dxe8Q+ Rxe8 36. Bxg7 f5 37. Bxh6+ fxg4 38. Qxg4+ Kh7 39. Qh5 Qc6 40. Bf4+ Kg8 41. Bxc7 Qc2 42. Qxe8+ Kh7 43. Rd7+ 1-0